Derecho y tecnologia. : Procedimientos electrónicos. Prueba electrónica. Forensia Digital. Litigación y nuevas tecnologías. Jurisprudencia. "Legaltech" e innovación legal. 2 /

Guardado en:
Otros Autores: Ordoñez Carlos J., (Director), Colombo, María., Cuomo, Melisa., Erazo Lomáquiz, Santiago E., Farías, Raul A., Gonzalez, Rodrigo J., Jara, Miguel., Luz Clara, Bibiana B., Manterola, Nicolás I., Miller, Christian H., Ordoñez, Carlos j., Piesciorovsky, Andrés., Podestá, Ariel O., Vaninetti, Hugo A., Wallet Rosa A. R.
Formato: Libro
Idioma:Undetermined
Publicado: Buenos Aires : Hammurabi, 2020.
Edición:1a. ed.
Materias:
Etiquetas: Agregar Etiqueta
Sin Etiquetas, Sea el primero en etiquetar este registro!
LEADER 02012nam a22003735a 4500
001 DER.der014983
008 240430s2020####ag############000#0#und#d
005 20240731182910.0
245 1 0 |a Derecho y tecnologia. :  |b Procedimientos electrónicos. Prueba electrónica. Forensia Digital. Litigación y nuevas tecnologías. Jurisprudencia. "Legaltech" e innovación legal.  |n 2 /  |c director Carlos J. Ordoñez; María C. Colombo ... [et al.]. 
250 |a 1a. ed. 
260 |a Buenos Aires :  |b Hammurabi,  |c 2020. 
300 |a 266 p. 
500 |a Procedimientos electrónicos. Prueba electrónica. Forensia Digital. Litigación y nuevas tecnologías. Jurisprudencia. "Legaltech" e innovación legal. Método de resolución de conflictos en linea (ODR). Domicilio especial electrónico y comunicaciones extrajudiciales. Prueba de mensajes de Whatsapp. Pericias sobre mails. Responsabilidad de los buscadores. Derecho al olvido y responsabilidad de los intermediarios en internet. Contratos inteligentes. Autos autónomos, responsabilidad civil y póliza de los seguros. Cheque electrónico (ECHEQ). Derechos de autor en el mercado único digital. Oficios electrónicos al BCRA. "Legaltech". "Intake" clientes y "Tips" para la automatización de tareas de la abogacía. 
020 |a 9789878405193 
100 1 |a Ordoñez Carlos J.,  |e director. 
700 1 |a Colombo, María. 
700 1 |a Cuomo, Melisa. 
700 1 |a Erazo Lomáquiz, Santiago E. 
700 1 |a Farías, Raul A. 
700 1 |a Gonzalez, Rodrigo J. 
700 1 |a Jara, Miguel. 
700 1 |a Luz Clara, Bibiana B. 
700 1 |a Manterola, Nicolás I. 
700 1 |a Miller, Christian H. 
700 1 |a Ordoñez, Carlos j. 
700 1 |a Piesciorovsky, Andrés. 
700 1 |a Podestá, Ariel O. 
700 1 |a Vaninetti, Hugo A. 
700 1 |a Wallet Rosa A. R. 
650 7 |a INTELIGENCIA ARTIFICIAL 
650 7 |a NUEVAS TECNOLOGIAS 
650 7 |a REDES SOCIALES 
650 7 |a CONTRATOS ELECTRÓNICOS 
859 |a DERECHO  |b BIB. DERECHO  |h 347  |i ORD  |p 0010319